| 000 | 00913nas a2200313 4500 | ||
|---|---|---|---|
| 001 | BR0700901 | ||
| 003 | BR-BrBNA | ||
| 005 | 20231205110615.0 | ||
| 007 | ta | ||
| 008 | 230509b bl.|||p| |||| 00| 00por d | ||
| 040 |
_aBR-BrBNA _bpor _cBiblioteca Nacional de Agricultura |
||
| 041 | _a(Pt) | ||
| 072 | _aK50 | ||
| 100 | 1 | _aOkino, E.Y.A. | |
| 100 | 1 | _aCamargos, J.A.A. | |
| 100 | 1 | _aSantana, M.A.E. | |
| 100 | 1 | _aMarques, M.H.B. | |
| 100 | 1 | _aMartins, V.A. | |
| 100 | 1 | _aSousa, M.E. de | |
| 100 | 1 | _aTeixeira, D.E. | |
| 245 | 1 | _aDescrição dos caracteres tecnológicos da madeira de Cupressus glauca Lam. | |
| 650 | _aMADEIRA | ||
| 650 | _aSECAGEM | ||
| 650 | _aCOMPOSIÇÃO QUÍMICA | ||
| 650 | _aDENSIDADE DA MADEIRA | ||
| 773 | 0 |
_tScientia Forestalis (Brazil) _xISSN 1413-9324 _g(Dec 2006), no. 72 p. 39-48 _wBR0700901 |
|
| 909 |
_a202311 _bLúcia _c55 _dLúcia Elande |
||
| 942 |
_2AGRIS _n0 _cANA |
||
| 999 |
_c188156 _d188156 |
||